El método estadístico en biología / (Record no. 138824)

MARC details
000 -LEADER
campo de control de longitud fija 00752nam a2200217 4500
001 - NÚMERO DE CONTROL
campo de control 138824
003 - IDENTIFICADOR DE NÚMERO DE CONTROL
campo de control ES-MaACL
005 - FECHA Y HORA DE LA ÚLTIMA TRANSACCIÓN
campo de control 20251015190310.0
007 - CAMPO FIJO DE DESCRIPCIÓN FÍSICA--INFORMACIÓN GENERAL
campo de control de longitud fija t|
008 - DATOS DE LONGITUD FIJA--INFORMACIÓN GENERAL
campo de control de longitud fija 070214s1942 sp r ||||1| spa d
100 1# - ENTRADA PRINCIPAL--NOMBRE DE PERSONA
Nombre de persona Sanz Vázquez, Gerardo.
9 (RLIN) 103689
245 13 - MENCIÓN DEL TÍTULO
Título El método estadístico en biología /
Mención de responsabilidad, etc. Gerardo Sanz Vázquez, Jorge Tamarit Torres.
260 ## - PUBLICACIÓN, DISTRIBUCIÓN, ETC.
Lugar de publicación, distribución, etc. Madrid :
Nombre del editor, distribuidor, etc. Espasa-Calpe,
Fecha de publicación, distribución, etc. 1942.
300 ## - DESCRIPCIÓN FÍSICA
Extensión 254 p. :
Otras características físicas il. ;
Dimensiones 22 cm.
500 ## - NOTA GENERAL
Nota general Precede al tít.: Facultad de Medicina de Madrid.
700 1# - ENTRADA AGREGADA--NOMBRE PERSONAL
Nombre de persona Tamarit Torres, J.,
Fechas asociadas al nombre 1913-1986
9 (RLIN) 109147
710 20 - ENTRADA AGREGADA--NOMBRE DE ENTIDAD CORPORATIVA
Nombre de entidad corporativa o nombre de jurisdicción como elemento de entrada Universidad de Madrid.
Unidad subordinada Facultad de Medicina
9 (RLIN) 7215
852 ## - LOCALIZACIÓN
Ubicación ES-MaACL
Número de control de estantería C-5613
Sublocalización o colección R.23775
852 ## - LOCALIZACIÓN
Ubicación ES-MaACL
Número de control de estantería C-5353
Sublocalización o colección R.25460
Holdings
Estatus retirado Estado de pérdida Estado de daño No para préstamo Biblioteca de origen Biblioteca actual Ubicación en estantería Fecha de adquisición Fuente de adquisición Total de préstamos Signatura topográfica completa Código de barras Visto por última vez Precio de reemplazo Tipo de ítem Koha
        Biblioteca del Ateneo de Madrid Biblioteca del Ateneo de Madrid Sala Palomar 17/01/2008     C-5353 1144458 23/02/2023 23/02/2023 Libro impreso
        Biblioteca del Ateneo de Madrid Biblioteca del Ateneo de Madrid Sala Palomar 17/01/2008     C-5613 1144457 23/02/2023 23/02/2023 Libro impreso